Datum a čas kvízu
22.5
Celkem bodů
Celkový počet nahraných bodů na tomto kvízu bez doplňovacích otázek.
12.
Pořadí na kvízu
Konečné umístění týmu na tomto kvízu.
Zaznamenané odpovědi
| # | Otázka | Odpověď | Body | Výsledky |
|---|---|---|---|---|
| 1. | Českou republiku minulý týden... | Svjatlana Cichanouská (Světlana Tichanovská) | 1 | |
| 2. | Damien Tarel, muž, který dal v... | volit | 0 | |
| 3. | Skupina Kabát oznámila poněkud... | A | 0 | |
| 4. | Jak se jmenuje středoamerický... | Salvador | 1 | |
| 5. | Ruskou federaci pobouřilo pře... | Sláva hrdinům! (Heroyam slava!) | 1 | |
| 6. | Nyní se podíváme do světa žen,... | Ashley Graham/Grahamová | 0 | |
| 7. | Jednou z nezapomenutelných kor... | C | 1 | |
| 8. | Tato česká herečka neváhala vy... | Pavla Tomicová | 0 | |
| 9. | Podle čeho pojmenovala britská... | A | 0 | |
| 10. | Na fotografii vidíme moderátor... | Oprah Winfrey | 1 |